000 00321 a2200133 4500
001 32962
020 _a9788173192500
082 _a624.1776 RAO
090 _c22118
_d22118
100 _aJ S Rao
245 _aDynamics of Plates
_cJ S Rao
260 _aNew Delhi
_bNarosa Publishing House
_c1999
300 _axi 560 p
942 _aNUST-CAE
_k624.1776 RAO
999 _c268035
_d268035